| 000 | 00591nam a22001697a 4500 | ||
|---|---|---|---|
| 999 |
_c57659 _d57659 |
||
| 003 | Ge_BSU | ||
| 005 | 20200901120133.0 | ||
| 008 | 200901s2019 ge ||||| |||| 00| 0 geo d | ||
| 041 | _ageo | ||
| 080 | _a343.61 ე-18 | ||
| 100 |
_aეგუტიძე, მამუკა _99329 |
||
| 245 |
_aჯგუფური მკვლელობა / _cმამუკა ეგუტიძე. |
||
| 264 |
_aთბილისი : _bიურისტების სამყარო, _c2019. |
||
| 300 |
_a27 გვ. _b17 სმ. |
||
| 653 | _aსამართალი | ||
| 942 |
_2udc _cBK |
||